Optics and photonics : (Record no. 8154)

MARC details
000 -LEADER
fixed length control field 01328nam a2200349 i 4500
003 - CONTROL NUMBER IDENTIFIER
control field EG-ScBUE
005 - DATE AND TIME OF LATEST TRANSACTION
control field 20250525091559.0
008 - FIXED-LENGTH DATA ELEMENTS--GENERAL INFORMATION
fixed length control field 250508t2007 enka f b 001 0 eng d
020 ## - INTERNATIONAL STANDARD BOOK NUMBER
International Standard Book Number 9780470017838
020 ## - INTERNATIONAL STANDARD BOOK NUMBER
International Standard Book Number 9780470017845
035 ## - SYSTEM CONTROL NUMBER
System control number (OCoLC)ocm77522727
035 ## - SYSTEM CONTROL NUMBER
System control number (OCoLC)77522727
040 ## - CATALOGING SOURCE
Original cataloging agency EG-ScBUE
Language of cataloging eng
Description conventions rda
Transcribing agency EG-ScBUE
Modifying agency EG-ScBUE
082 04 - DEWEY DECIMAL CLASSIFICATION NUMBER
Classification number 535
Item number GRA
Edition number 22
100 1# - MAIN ENTRY--PERSONAL NAME
Personal name Graham-Smith, Francis,
Relator term author.
245 10 - TITLE STATEMENT
Title Optics and photonics :
Remainder of title an introduction /
Statement of responsibility, etc F. Graham Smith, University of Manchester, UK, Terry A. King, University of Manchester, UK, Dan Wilkins, University of Nebraska at Omaha, USA.
250 ## - EDITION STATEMENT
Edition statement Second edition.
264 #1 - PUBLICATION, DISTRIBUTION, ETC. (IMPRINT)
Place of publication, distribution, etc Chichester, England :
Name of publisher, distributor, etc John Wiley & Sons, Ltd.,
Date of publication, distribution, etc [2007]
264 #4 - PUBLICATION, DISTRIBUTION, ETC. (IMPRINT)
Date of publication, distribution, etc c2007
300 ## - PHYSICAL DESCRIPTION
Extent 1 volume (various pagings) :
Other physical details illustrations (some color) ;
Dimensions 25 cm
336 ## - CONTENT TYPE
Source rdacontent
Content type term text
Content type code txt
337 ## - MEDIA TYPE
Media type term unmediated
Source rdamedia
Media type code n
338 ## - CARRIER TYPE
Carrier type term volume
Carrier type code nc
Source rdacarrier
504 ## - BIBLIOGRAPHY, ETC. NOTE
Bibliography, etc Includes bibliographical references and index.
650 #7 - SUBJECT ADDED ENTRY--TOPICAL TERM
Topical term or geographic name as entry element Optics
Form subdivision Textbooks.
Source of heading or term BUEsh
650 #7 - SUBJECT ADDED ENTRY--TOPICAL TERM
Topical term or geographic name as entry element Photonics
Form subdivision Textbooks.
Source of heading or term BUEsh
655 ## - INDEX TERM--GENRE/FORM
Form subdivision Reading book
700 1# - ADDED ENTRY--PERSONAL NAME
Personal name King, Terry A.,
Relator term author.
700 1# - ADDED ENTRY--PERSONAL NAME
Personal name Wilkins, Dan,
Dates associated with a name 1947-,
Relator term author.
856 41 - ELECTRONIC LOCATION AND ACCESS
Materials specified Table of contents only
Uniform Resource Identifier <a href="http://www.loc.gov/catdir/toc/ecip077/2006103070.html">http://www.loc.gov/catdir/toc/ecip077/2006103070.html</a>
942 ## - ADDED ENTRY ELEMENTS (KOHA)
Koha item type Book - Borrowing
Source of classification or shelving scheme Dewey Decimal Classification
Holdings
Withdrawn status Lost status Source of classification or shelving scheme Damaged status Not for loan Collection code Home library Current library Shelving location Date acquired Source of acquisition Total Checkouts Full call number Barcode Date last seen Price effective from Koha item type Cost, normal purchase price Serial Enumeration / chronology
    Dewey Decimal Classification     Alahram Central Library Central Library First floor 25/02/2008     535 GRA 000009986 15/07/2025 25/02/2008 Book - Borrowing    
    Dewey Decimal Classification     Alahram Central Library Central Library First floor 01/02/2009     535 GRA 000014414 15/07/2025 01/02/2009 NB - Book (Non borrowing) 525.00 6479